000 00429nam a2200157Ia 4500
008 160316s1997 xxu||||| |||| 00| 0 eng d
082 _a371.713000
_bKAP
100 _aKapur Malavika
245 _aMental health in Indian schools
250 _a
260 _aNew Delhi
_bSage Publications
_c1997
300 _a168p+
_b168p*
_c
365 _b275/-*
650 _a1.School Children - Mental Helath Services - India
700 _a
_a
999 _c13063
_d13063